Famous Romanians - Statistics

General Stats
  • This quiz has been taken 575 times
  • The average score is 5 of 16
Answer Stats
Hint Answer % Correct
Prince of Wallachia, nicknamed "Țepeș" or "The Impaler" Vlad III
99%
Gymnast, first ever to be awarded a perfect 10 score in Olympics Nadia Comăneci
75%
The living former king of Romania Michael I
58%
Deputy prime minister & head of Romanian chemical research, executed on Christmas day Elena Ceaușescu
50%
Contender for inventor of the world's first jet Henri Coandă
42%
"Hero of Seville" goalkeeper, managed to save 4 consecutive penalty shots Helmuth Duckadam
36%
Romania's first and only astronaut Dumitru Prunariu
35%
Inventor of the fountain pen Petrache Poenaru
32%
The discoverer of insulin Nicolae Paulescu
20%
Gabriela and Monica Irimia, better known as the Cheeky Girls
14%
King, voted greatest Romanian in a TVR poll Stephen the Great
11%
Designer of the Muscle Car, Pontiac Firebird, and the car from "Back to the Future" John DeLorean
6%
Gabriela and Mihaela Modorcea, better known as Indiggo
5%
Architect of the world's largest palace Anca Petrescu
4%
"The woman in red", who helped the FBI track John Dillinger Ana Cumpănaș
1%
Inventor of the first plane with a tubular fuselage Rodrig Goliescu
1%
No matching quizzes found
Score Distribution
Percent of People with Each Score
Percentile by Number Answered
Your Score History
You have not taken this quiz